[Event "GER-ch Net blitz sf"]
[Site "Playchess.com INT"]
[Date "2021.06.05"]
[Round "7"]
[White "Heinig, Wolfram"]
[Black "Kopylov, Daniel"]
[Result "1-0"]
[WhiteElo "2105"]
[BlackElo "2229"]
[PlyCount "113"]
[EventDate "2021.06.05"]
[EventType "swiss (blitz)"]
[EventRounds "13"]
[EventCountry "GER"]
[SourceTitle "EXT 2023"]
[Source "ChessBase"]
[SourceDate "2022.10.05"]
[SourceVersion "1"]
[SourceVersionDate "2022.10.05"]
[SourceQuality "1"]

1. d4 Nf6 2. c4 g6 3. Nc3 d5 4. Nf3 Bg7 5. Bg5 Ne4 6. cxd5 Nxg5 7. Nxg5 e6 8. Qa4+ Bd7 9. Qb3 Qxg5 10. Qxb7 0-0 11. Qxa8 Nc6 12. Qb7 Nxd4 13. Rb1 Nc2+ 14. Kd1 Bxc3 15. bxc3 Ba4 16. Qxa7 Na3+ 17. Qxa4 Nxb1 18. Qc2 Qxd5+ 19. Ke1 Rd8 20. e4 Qe5 21. Bd3 Qxc3+ 22. Qxc3 Nxc3 23. Bc2 Nxa2 24. Ke2 Nb4 25. Bb1 c5 26. Rc1 Rc8 27. Rc4 Kf8 28. e5 Ke7 29. Be4 Rc7 30. f4 Na6 31. h4 Nb8 32. Kd3 Nd7 33. Ra4 Nb6 34. Ra6 c4+ 35. Kc3 Nd7 36. Bf3 f6 37. exf6+ Nxf6 38. Ra5 Kd6 39. g4 Nd5+ 40. Bxd5 exd5 41. Kd4 c3 42. Ra1 Rc4+ 43. Ke3 c2 44. Rc1 Kc5 45. h5 gxh5 46. gxh5 Re4+ 47. Kf3 Rc4 48. f5 d4 49. Ke4 Rc3 50. f6 d3 51. Ke3 Kd6 52. Kd2 Rb3 53. Re1 Rb1 54. f7 Rb8 55. Re8 Rb1 56. f8Q+ Kd5 57. Rd8+ 1-0

[Event "GER-ch Net blitz sf"]
[Site "Playchess.com INT"]
[Date "2021.06.05"]
[Round "9"]
[White "Heinig, Wolfram"]
[Black "Ochs, Daniel Elias"]
[Result "1/2-1/2"]
[WhiteElo "2105"]
[BlackElo "2205"]
[PlyCount "90"]
[EventDate "2021.06.05"]
[EventType "swiss (blitz)"]
[EventRounds "13"]
[EventCountry "GER"]
[SourceTitle "EXT 2023"]
[Source "ChessBase"]
[SourceDate "2022.10.05"]
[SourceVersion "1"]
[SourceVersionDate "2022.10.05"]
[SourceQuality "1"]

1. d4 e6 2. g3 f5 3. Bg2 Nf6 4. Nf3 d5 5. Bf4 c6 6. 0-0 Be7 7. c4 0-0 8. Nbd2 Ne4 9. Qc2 Nd7 10. Rad1 g5 11. Be5 g4 12. Ne1 Nxe5 13. dxe5 Qc7 14. Nd3 Bg5 15. e3 b6 16. cxd5 exd5 17. Nb4 Nc5 18. Nb3 Be7 19. Rxd5 Nxb3 20. Qxb3 Be6 21. Rc1 c5 22. Qd1 Bxd5 23. Nxd5 Qd8 24. Nxe7+ Qxe7 25. Bxa8 Rxa8 26. Qd6 Re8 27. Rd1 Qxe5 28. Qxe5 Rxe5 29. Rd7 Re4 30. Rxa7 Rb4 31. b3 c4 32. bxc4 Rxc4 33. Kg2 Rc2 34. h3 gxh3+ 35. Kxh3 Rxf2 36. Ra6 Kg7 37. Rxb6 Rxa2 38. Kh4 h6 39. Rb7+ Kg6 40. Rb6+ Kg7 41. Rb7+ Kf8 42. Kh5 Rg2 43. Kxh6 Rxg3 44. Rb5 Rxe3 45. Rxf5+ Ke7 1/2-1/2

[Event "GER-ch Net blitz sf"]
[Site "Playchess.com INT"]
[Date "2021.06.05"]
[Round "3"]
[White "Vogel, Roven"]
[Black "Heinig, Wolfram"]
[Result "1-0"]
[WhiteElo "2518"]
[BlackElo "2105"]
[PlyCount "63"]
[EventDate "2021.06.05"]
[EventType "swiss (blitz)"]
[EventRounds "13"]
[EventCountry "GER"]
[SourceTitle "EXT 2023"]
[Source "ChessBase"]
[SourceDate "2022.10.05"]
[SourceVersion "1"]
[SourceVersionDate "2022.10.05"]
[SourceQuality "1"]

1. d4 c5 2. d5 e5 3. e4 d6 4. Bb5+ Nd7 5. a4 Be7 6. Nf3 Ngf6 7. Nc3 0-0 8. 0-0 Ne8 9. Bd3 b6 10. Nd2 a6 11. Nc4 Rb8 12. f4 exf4 13. Bxf4 f6 14. Kh1 Ne5 15. Be2 Bd7 16. Ne3 b5 17. axb5 axb5 18. Bxe5 dxe5 19. Bg4 Nd6 20. Ra7 Bxg4 21. Qxg4 b4 22. Ne2 Rf7 23. Ng3 Qc8 24. Qe6 Rb7 25. Rfa1 Qxe6 26. dxe6 Rf8 27. Rxb7 Nxb7 28. Ra7 Rb8 29. Nd5 Bd6 30. Nf5 g6 31. Rxb7 gxf5 32. Nxf6+ 1-0

[Event "GER-ch Net blitz qual1"]
[Site "Playchess.com INT"]
[Date "2021.04.24"]
[Round "2"]
[White "Heinig, Wolfram"]
[Black "Poschadel, Andreas Gregor"]
[Result "1/2-1/2"]
[WhiteElo "1973"]
[BlackElo "1620"]
[PlyCount "106"]
[EventDate "2021.04.24"]
[EventType "swiss (blitz)"]
[EventRounds "11"]
[EventCountry "GER"]
[SourceTitle "CBM 202 Extra"]
[Source "ChessBase"]
[SourceDate "2021.07.31"]
[SourceVersion "1"]
[SourceVersionDate "2021.07.31"]
[SourceQuality "1"]

1. d4 e6 2. g3 d5 3. Bg2 c5 4. Nf3 cxd4 5. Nxd4 Nc6 6. 0-0 Nf6 7. c4 Bc5 8. Nb3 Be7 9. cxd5 Nxd5 10. a3 Nb6 11. Qxd8+ Nxd8 12. Nc3 Bd7 13. Bf4 Bc6 14. Nd4 Bxg2 15. Kxg2 a6 16. Bc7 Nc4 17. Na4 Rc8 18. Bxd8 Rxd8 19. Rfd1 b5 20. b3 Nxa3 21. Nb6 Bc5 22. Nc6 Rxd1 23. Rxd1 Bxb6 24. Rd6 Bc7 25. Rd2 0-0 26. Ra2 Bd6 27. b4 Nc4 28. Rxa6 Ne5 29. Nd4 Bxb4 30. Nxb5 Ng6 31. h4 h5 32. Nd4 Be7 33. Ra5 e5 34. Nc6 Bf6 35. Nb4 Re8 36. Nd5 Re6 37. Ra8+ Kh7 38. e4 Ne7 39. Nc7 Rc6 40. Ne8 g6 41. Ra7 Ng8 42. Rxf7+ Kh8 43. Nc7 Ne7 44. Ne8 Ng8 45. Nc7 g5 46. hxg5 Bxg5 47. Nd5 Re6 48. Rf5 Bf6 49. Rxh5+ Kg7 50. f3 Re8 51. Rh1 Ra8 52. Rb1 Ra2+ 53. Kh3 Ra7 1/2-1/2

[Event "GER Cup Net V4 U2400"]
[Site "Playchess.com INT"]
[Date "2020.05.31"]
[Round "9"]
[White "Koellner, Ruben Gideon"]
[Black "Heinig, Wolfram"]
[Result "1-0"]
[WhiteElo "2028"]
[BlackElo "2007"]
[PlyCount "43"]
[EventDate "2020.05.31"]
[EventType "swiss (blitz)"]
[EventRounds "9"]
[EventCountry "GER"]
[SourceTitle "EXT 2021"]
[Source "ChessBase"]
[SourceDate "2020.10.23"]
[SourceVersion "1"]
[SourceVersionDate "2020.10.23"]
[SourceQuality "1"]

1. d4 Nf6 2. Bg5 c5 3. Bxf6 gxf6 4. d5 d6 5. c4 f5 6. Nc3 Bg7 7. Qc2 Qa5 8. Rc1 a6 9. e3 Bd7 10. Bd3 e6 11. Nge2 b5 12. 0-0 bxc4 13. Bxc4 Qb4 14. b3 Ke7 15. Rfd1 Bb5 16. dxe6 fxe6 17. Bxe6 Bxc3 18. Qxf5 Rf8 19. Qxh7+ Kxe6 20. Nxc3 Nc6 21. Nd5 Qg4 22. Nc7+ 1-0

[Event "GER-ch Net blitz qual1"]
[Site "Playchess.com INT"]
[Date "2020.03.07"]
[Round "8"]
[White "Haubold, Sebastian Marcel"]
[Black "Heinig, Wolfram"]
[Result "0-1"]
[WhiteElo "1800"]
[BlackElo "2232"]
[PlyCount "52"]
[EventDate "2020.03.07"]
[EventType "swiss (blitz)"]
[EventRounds "9"]
[EventCountry "GER"]
[SourceTitle "CBM 195 Extra"]
[Source "ChessBase"]
[SourceDate "2020.05.31"]
[SourceVersion "1"]
[SourceVersionDate "2020.05.31"]
[SourceQuality "1"]

1. e4 c6 2. c4 e5 3. Nf3 d6 4. d4 Nd7 5. Nc3 Ngf6 6. Be2 Be7 7. 0-0 0-0 8. h3 a6 9. Be3 b5 10. a3 Bb7 11. b3 Re8 12. Qd3 bxc4 13. bxc4 exd4 14. Nxd4 Nc5 15. Qc2 Bf8 16. f3 d5 17. cxd5 cxd5 18. Bd3 Nxd3 19. Qxd3 dxe4 20. fxe4 Nxe4 21. Rab1 Nc5 22. Qd2 Qd7 23. Qb2 Rxe3 24. Nf5 Rd3 25. Ne2 Rd2 26. Qe5 Re8 0-1

[Event "GER-ch Net blitz qual1"]
[Site "Playchess.com INT"]
[Date "2020.03.07"]
[Round "1"]
[White "Hausmann, Ulrich"]
[Black "Heinig, Wolfram"]
[Result "0-1"]
[WhiteElo "1820"]
[BlackElo "2232"]
[PlyCount "46"]
[EventDate "2020.03.07"]
[EventType "swiss (blitz)"]
[EventRounds "9"]
[EventCountry "GER"]
[SourceTitle "CBM 195 Extra"]
[Source "ChessBase"]
[SourceDate "2020.05.31"]
[SourceVersion "1"]
[SourceVersionDate "2020.05.31"]
[SourceQuality "1"]

1. f4 d5 2. Nf3 g6 3. e3 Bg7 4. d4 Nf6 5. c3 Bf5 6. Bd3 Nbd7 7. 0-0 Ne4 8. Nbd2 Nf2 9. Kxf2 Bxd3 10. Rg1 0-0 11. Nb3 Ba6 12. Ne5 f6 13. Nf3 c6 14. Re1 e5 15. fxe5 fxe5 16. Kg1 e4 17. Nfd2 Qh4 18. Nc5 Nxc5 19. dxc5 Be5 20. g3 Bxg3 21. hxg3 Qxg3+ 22. Kh1 Rf2 23. Nf1 Qg2# 0-1